Statistics for Flags of US cities

Click here to take the quiz!

General Stats

  • This quiz has been taken 17 times
  • The average score is 9 of 15

Answer Stats

Answer% Correct
Dallas
85%
Denver
85%
Baltimore
77%
Cleveland
77%
Minneapolis
69%
Pittsburgh
69%
Portland
69%
St Louis
69%
Washington D.C
69%
Indianapolis
62%
Tampa
62%
Louisville
38%
Birmingham
15%
Madison
15%
St Petersburg
15%

Score Distribution

Percentile by Number Answered

Percent of People with Each Score

Your Score History

You have not taken this quiz